000 00995nam a2200361 a 4500
003 AR-BaBNM
005 20251128204742.0
008 082120s2002 ||||||||||||||000 | spa||
020 _a950-581-050-6
040 _cAR-BaBNM
100 1 _aRuiz de Alarcón y Mendoza, Juan
245 0 0 _aLa verdad sospechosa
250 _a1ª ed.
260 _aBuenos Aires
_bColihue
_c1990
300 _a158 p.
490 0 _aLeer y crear
_vv. 50
500 _aContiene índice general de las materias
500 _aPropuestas de trabajo para los alumnos
500 _aBiografía del autor
504 _aBibliografía del autor y de la obra
650 4 _aLITERATURA ESPAÑOLA
650 4 _aTEATRO
650 4 _aSIGLO DIECISIETE
650 4 _aCOMEDIA
653 _aEDUCACION SECUNDARIA
653 _aSIGLO DE ORO
653 _aCRITICA TEATRAL
655 _aLITERATURA
700 1 _aSisca de Viale, Cristina
800 1 _aPetruzzi, Herminia
_edirector
942 _cBK
998 _cisola
999 _c8678
_d8678